000 00223nam a2200097Ia 4500
008 240331s9999 xx 000 0 und d
082 _a303
_bHAA
100 _aHaas, H
245 0 _aSri Lanka :
_bisland with a future
942 _cL
999 _c1195
_d1195